The Soviet economy : A book of readings

Gespeichert in:
Bibliographische Detailangaben
1. Verfasser: Bornstein, Morris
Format: Buch
Sprache:Undetermined
Veröffentlicht: Homewood R. D. Irwin 1966
Schlagworte:
Tags: Tag hinzufügen
Keine Tags, Fügen Sie den ersten Tag hinzu!
Thư viện lưu trữ: Trung tâm Học liệu Trường Đại học Cần Thơ
LEADER 00509nam a2200193Ia 4500
001 CTU_83421
008 210402s9999 xx 000 0 und d
082 |a 330.947 
082 |b B736 
100 |a Bornstein, Morris 
245 4 |a The Soviet economy : 
245 2 |b A book of readings 
245 0 |c Morris Bornstein 
260 |a Homewood 
260 |b R. D. Irwin 
260 |c 1966 
650 |a Economic conditions 
904 |i QHieu(sửa) 
980 |a Trung tâm Học liệu Trường Đại học Cần Thơ